LDR 00723naa#a2200157#i#450# 001 RU\\bibl\120750 005 20260517033820.7 011 ## _a2782-5256 100 ## _a20251225b2025####ek#y0rusy0150####ca 102 ## _aRU 200 1# _aИдея объективной истины в уголовном процессе: правовая археология и угрозы концептуального рецидива _eЖурнальная статья 210 1# _aМосква _cМосковский университет МВД России имени В.Я. Кикотя _d2025 215 ## _a3 с. 608 ## _aЖурнальная статья _2local 700 #1 _aАминов _gДавид Исакович 856 4# _amosumvd.editorum.ru _u